Das historische Bewußtsein des pommerschen Adels
| Titel: | Das historische Bewußtsein des pommerschen Adels |
|---|---|
| Verfasser: | |
| In: |
Pommern, (1996), Seite 309-318 alle Artikel anzeigen |
| Veröffentlicht: | 1996 |
| Format: | Aufsatz |
| Sprache: | Deutsch |
X
alg: 39207012 001A $01999:11-11-16 001B $01999:28-04-17 $t14:42:43.000 001D $01999:11-11-16 001U $0utf8 001X $00 002@ $0Aox 003@ $039207012X 007A $039207012X $aHEB 007T $0Herd07318 010@ $ager 011@ $a1996 021A $aDas @historische Bewußtsein des pommerschen Adels 028A $aTurek-Kwiatkowska $dLucyna 031A $h309-318 $j1996 039B $aIn $8--Aau--. Pommern. - Greifswald : Steinbecker Verl. Rose, 1996. - 468 S.. - Ill., Kt.. - ISBN 3-931483-08-8 $x199600000000000691 $9050939963 lok: 39207012 78 exp: 39207012 78 1 #EPN 201B/01 $019-04-17 $t10:59:39.000 201U/01 $0utf8 203@/01 $0788166115 208@/01 $a11-11-16 $be 209A/01 $a/ $f000 $x00 220C/01 $aTitelaufnehmer: ej 244Z/01 $aGeschichte 1815-1914 $x01 244Z/01 $2Trx $#ajalooline teadlikkus $#istorinė sąmonė $#Historical consciousness $#történelmi eszmék $#świadomość historyczna $#vedomie historické $#vědomí historické $#Bewußtsein, historisches $#Erinnerungskultur $#kultura historyczna $#historické vedomie $8--Trx--Geschichtsbewußtsein $x02 $9391380877 244Z/01 $2Trx $#aadel Pommeri $#Vakarų Pomeranijos bajorai $#gentry Pommerania $#nemesség Pomeránia $#szlachta Pomorze Zachodnie $#šľachta Pomoransko $#šlechta Pomořany $8--Trx--Adel$gPommern $x03 $9391356712 244Z/01 $2Trx $8--Trx--Einzelbeiträge $x04 $9391384570 245Z/01 $a11.14 $x01 247C/01 $82080>Marburg/Lahn, Herder-Institut, Forschungsbibliothek, Bibliographieportal $9336309341
| LEADER | 00000caa a22000002c 4500 | ||
|---|---|---|---|
| 001 | 39207012X | ||
| 003 | DE-603 | ||
| 005 | 20170428144243.0 | ||
| 007 | tu | ||
| 008 | 161111s1996 xx |||| | u00||u|ger c | ||
| 035 | |a (DE-599)HEB39207012X | ||
| 040 | |a DE-603 |b ger |c DE-603 |d DE-603 | ||
| 041 | |a ger | ||
| 100 | 1 | |a Turek-Kwiatkowska, Lucyna | |
| 245 | 0 | 0 | |a Das historische Bewußtsein des pommerschen Adels |
| 264 | 0 | |c 1996 | |
| 773 | 0 | 8 | |i In |t Pommern |d Greifswald : Steinbecker Verl. Rose, 1996 |h 468 S., Ill., Kt. |z 3931483088 |g (1996), Seite 309-318 |w (DE-603)050939963 |
| 924 | 0 | |9 2080 |a (DE-603)788166115 |b DE-2080 |c HES |d d |g / | |


